LIBRARY & INFORMATION CENTRE, KCAET, TAVANUR

ONLINE PUBLIC ACCESS CATALOGUE (OPAC)

Mathematics for mariners / (Record no. 7344)

MARC details
000 -LEADER
fixed length control field 00428cam a2200169ua 4500
041 ## - LANGUAGE CODE
Language code of text/sound track or separate title eng
082 ## - DEWEY DECIMAL CLASSIFICATION NUMBER
Classification number 510
Item number DIM/MA
100 ## - MAIN ENTRY--AUTHOR NAME
Personal name Dimick, Chester E .
245 ## - TITLE STATEMENT
Title Mathematics for mariners /
250 ## - EDITION STATEMENT
Edition statement 1 /
260 ## - PUBLICATION, DISTRIBUTION, ETC. (IMPRINT)
Place of publication New Jersy :
Name of publisher D.Van Nostrand Co. ,
Year of publication 1943.
300 ## - PHYSICAL DESCRIPTION
Number of Pages 253 ; .
700 1# - ADDED ENTRY--PERSONAL NAME
Personal name Hurd , Cuthbert C .
942 ## - ADDED ENTRY ELEMENTS (KOHA)
Koha item type Books
Holdings
Withdrawn status Lost status Damaged status Home library Current library Date acquired Full call number Accession Number Koha item type
      KAUAET KAUAET 07/04/2012 510 11582 Books
free website counter